000 00261nam a2200109Ia 4500
008 230320s9999||||xx |||||||||||||| ||spa||
082 _a184/P66A
100 _aPlatón
245 0 _aAlcibiades O De La Naturaleza Del Hombre
260 _bAguilar
942 _80
_cLIB
999 _c26112
_d26112